00471 2200169 4500001002100000005001500021035002000036007000300056008004100059100001500100245005600115250001100171260003300182300004700215650001600262600002300278INLIS00000000000062720221128103505 a0010-1122000221ta221128 a 1 ind 0 aWylvera W.1 a99 ASMAUL HUSNA & Kisah PARA PRINCESS /cWylvera W. aCet. I aJakarta :bAdibintang,c2015 a212 halaman :bilustrasi berwarna ;c28 cm 4aAnak Muslim 4aBacaan Anak Islami